|
|
|
|
| LEADER |
00000cam a2200000 7i4500 |
| 001 |
0000023715 |
| 005 |
20111024.0 |
| 008 |
111020s my # may |
| 020 |
|
|
|a 9789830686219
|
| 040 |
|
|
|a INS
|
| 090 |
0 |
0 |
|a DS597.215.N35
|b J39 2010
|
| 245 |
0 |
0 |
|a Jawapan Najib :
|b merungkai persoalan semalam,konflik hari ini dan cabaran masa depan
|f editor Manja Ismail, Khairil Annas Jusoh, Mazri Muhammad
|
| 260 |
|
|
|a Kuala Lumpur :
|b Institut Terjemahan Negara malaysia ,
|c 2010
|
| 300 |
|
|
|a xiv, 118ms. ;
|c 14cm.
|
| 500 |
|
|
|a Also issue in Malay, English, Madarin, Tamil language
|
| 600 |
1 |
0 |
|a Mohd. Najib Tun Haji Abdul Razak ,
|c Dato seri' ,
|d 1953 -
|
| 650 |
|
0 |
|a Political leadership
|z Malaysia
|
| 651 |
|
0 |
|a Malaysia
|x Politics and government
|
| 700 |
0 |
|
|a Khairil Annas Jusoh
|
| 700 |
0 |
|
|a Manja Ismail
|
| 700 |
0 |
|
|a Mazri Muhammad
|
| 999 |
|
|
|a 1000000271
|b BOOK
|c Open Shelf
|e Default branch
|